| 000 | 01557nam a2200445 i 4500 | ||
|---|---|---|---|
| 001 | 14448 | ||
| 003 | KOSZ 005 | ||
| 005 | 20200410192423.0 | ||
| 008 | 190622s1972 pl a f 001 0 pol | ||
| 015 | _aPB 1972/3890 | ||
| 035 | _a991040597289705066 | ||
| 035 | _a(PL-WaBN)b20847786-48omnis_nlop | ||
| 035 | _ab20847786 | ||
| 035 | _a(OCoLC)831314176 | ||
| 035 | _a(PL)b0000002084778 | ||
| 035 | _a(EXLNZ-48OMNIS_NETWORK)9910333281505606 | ||
| 040 |
_aWA N _cWA N _dKOSZ 005/RW |
||
| 046 | _k1972 | ||
| 080 | _a543.4 | ||
| 100 | 1 |
_aKęcki, Zbigniew _d(1926-2003). _eAutor |
|
| 245 | 1 | 0 |
_aPodstawy spektroskopii molekularnej / _cZbigniew Kęcki. |
| 260 |
_aWarszawa : _bPaństwowe Wydawnictwo Naukowe, _c1972. |
||
| 300 |
_a239, [1] stron : _bilustracje, errata ; _c24 cm. |
||
| 336 |
_aTekst _btxt _2rdacontent |
||
| 337 |
_aBez urządzenia pośredniczącego _bn _2rdamedia |
||
| 338 |
_aWolumin _bnc _2rdacarrier |
||
| 380 | _aKsiążki | ||
| 388 | _a1901-2000 | ||
| 504 | _aBibliografia na stronach 233-[234]. Indeks. | ||
| 650 | 7 | _aRezonans magnetyczny jądrowy. | |
| 658 | _aFizyka i astronomia | ||
| 658 | _aInżynieria i technika | ||
| 655 | 7 | _aPodręczniki akademickie | |
| 650 | 7 | _aSpektroskopia atomowa | |
| 650 | 7 | _aPole magnetyczne | |
| 710 | 2 |
_aPaństwowe Wydawnictwo Naukowe _4pbl |
|
| 856 |
_uhttp://koha.tu.koszalin.pl/cgi-bin/koha/opac-detail.pl?biblionumber=14448 _yKatalog online BPK |
||
| 942 |
_2UKD _cKS |
||
| 999 |
_c14448 _d14448 |
||